The Principle of strict liability as enshrined in the world anti-doping code with regard to the right of fair hearing (Record no. 3801)

000 -LEADER
fixed length control field 00436nam a22001457a 4500
003 - CONTROL NUMBER IDENTIFIER
control field OSt
005 - DATE AND TIME OF LATEST TRANSACTION
control field 20170412094921.0
008 - FIXED-LENGTH DATA ELEMENTS--GENERAL INFORMATION
fixed length control field 170329b xxu||||| |||| 00| 0 eng d
050 ## - LIBRARY OF CONGRESS CALL NUMBER
Classification number KTA4620.N87 2016
100 ## - MAIN ENTRY--PERSONAL NAME
Personal name Nur, Suad
245 ## - TITLE STATEMENT
Title The Principle of strict liability as enshrined in the world anti-doping code with regard to the right of fair hearing
Statement of responsibility, etc Suad Nur
260 ## - PUBLICATION, DISTRIBUTION, ETC. (IMPRINT)
Place of publication, distribution, etc Nairobi
Date of publication, distribution, etc 2016
300 ## - PHYSICAL DESCRIPTION
Extent 37 p.
942 ## - ADDED ENTRY ELEMENTS (KOHA)
Source of classification or shelving scheme
Koha item type Research Project
Holdings
Withdrawn status Lost status Source of classification or shelving scheme Damaged status Not for loan Home library Current library Shelving location Date acquired Total Checkouts Full call number Barcode Date last seen Price effective from Koha item type
          Riara University Library Riara University Library Special Collection 29/03/2017   RUSC KTA4620.N87 2016 8925/17 29/03/2017 29/03/2017 Research Project

Riara University Library,
P.O. Box 49940-00100,
Nairobi, Kenya.